Normal view
MARC view
Entry Personal Name
001 - CONTROL NUMBER
- control field: 67421
003 - CONTROL NUMBER IDENTIFIER
- control field: dpl
005 - DATE AND TIME OF LATEST TRANSACTION
- control field: 20240612121022.0
008 - FIXED-LENGTH DATA ELEMENTS
- fixed length control field: 240612|| aca||aabn | a|a d
040 ## - CATALOGING SOURCE
- Original cataloging agency: dpl
- Transcribing agency: dpl
100 ## - HEADING--PERSONAL NAME
- Personal name: Srirama, Satish N
670 ## - SOURCE DATA FOUND
- Source citation: Work cat.: (dpl)203558: Buyya, Rajkumar 67417, Mastering Cloud Computing:, 2021
